|
|
|
|
| LEADER |
00000cam a2200000 c 4500 |
| 001 |
274757435 |
| 003 |
DE-627 |
| 005 |
20260206201441.0 |
| 007 |
tu |
| 008 |
881117s1988 xxk||||| b 00| ||eng c |
| 016 |
7 |
|
|a 0802066941
|2 UK
|
| 020 |
|
|
|a 0802066941
|9 0-8020-6694-1
|
| 035 |
|
|
|a (DE-627)274757435
|
| 035 |
|
|
|a (DE-603)030426596
|
| 035 |
|
|
|a (DE-576)016684907
|
| 035 |
|
|
|a (DE-599)GBV274757435
|
| 035 |
|
|
|a (OCoLC)246861575
|
| 035 |
|
|
|a (OCoLC)19222915
|
| 035 |
|
|
|a (DE-604)8035447052
|
| 040 |
|
|
|a DE-627
|b ger
|c DE-627
|e rakwb
|
| 041 |
|
|
|a eng
|
| 044 |
|
|
|c XA-GB
|
| 050 |
|
0 |
|a HV1461
|
| 082 |
0 |
|
|a 362.6/042
|
| 082 |
0 |
|
|a 362.6042
|
| 082 |
0 |
|
|a 362.880880565
|2 DDC19oclc
|
| 084 |
|
|
|a MS 2700
|2 rvk
|0 (DE-625)rvk/123642:
|
| 084 |
|
|
|a CV 8000
|2 rvk
|0 (DE-625)rvk/19169:
|
| 245 |
0 |
0 |
|a Abuse of the elderly
|b issues and annotated bibliography
|c comp. and ed. by Benjamin Schlesinger ...
|
| 264 |
|
1 |
|a Toronto [u.a.]
|b Univ. of Toronto Press
|c 1988
|
| 300 |
|
|
|a XII, 188 S.
|
| 336 |
|
|
|a Text
|b txt
|2 rdacontent
|
| 337 |
|
|
|a ohne Hilfsmittel zu benutzen
|b n
|2 rdamedia
|
| 338 |
|
|
|a Band
|b nc
|2 rdacarrier
|
| 583 |
1 |
|
|a Archivierung prüfen
|c 20200919
|f DE-640
|z 1
|2 pdager
|
| 650 |
0 |
7 |
|0 (DE-588)4122042-0
|0 (DE-627)105765244
|0 (DE-576)209548231
|a Altenmisshandlung
|2 gnd
|
| 650 |
|
4 |
|a Aged
|x Abuse of
|x Canada
|
| 650 |
|
4 |
|a Older people
|x Abuse of
|x United States
|
| 650 |
|
4 |
|a Aged
|x Abuse of
|x Canada
|x Bibliography
|
| 650 |
|
4 |
|a Aged
|x Abuse of
|x United States
|x Bibliography
|
| 655 |
|
7 |
|a Bibliografie
|y 1978-1987
|0 (DE-588)4006432-3
|0 (DE-627)104814519
|0 (DE-576)208865578
|2 gnd-content
|
| 655 |
|
7 |
|a Aufsatzsammlung
|0 (DE-588)4143413-4
|0 (DE-627)105605727
|0 (DE-576)209726091
|2 gnd-content
|
| 689 |
0 |
0 |
|d s
|0 (DE-588)4122042-0
|0 (DE-627)105765244
|0 (DE-576)209548231
|a Altenmisshandlung
|2 gnd
|
| 689 |
0 |
|
|5 (DE-627)
|
| 689 |
1 |
0 |
|d s
|0 (DE-588)4122042-0
|0 (DE-627)105765244
|0 (DE-576)209548231
|a Altenmisshandlung
|2 gnd
|
| 689 |
1 |
|
|5 (DE-627)
|
| 689 |
2 |
0 |
|d s
|0 (DE-588)4122042-0
|0 (DE-627)105765244
|0 (DE-576)209548231
|a Altenmisshandlung
|2 gnd
|
| 689 |
2 |
|
|5 (DE-627)
|
| 689 |
3 |
0 |
|d s
|0 (DE-588)4122042-0
|0 (DE-627)105765244
|0 (DE-576)209548231
|a Altenmisshandlung
|2 gnd
|
| 689 |
3 |
|
|5 (DE-627)
|
| 700 |
1 |
|
|8 1\p
|a Schlesinger, Benjamin
|e Hrsg.
|0 (DE-588)170247643
|0 (DE-627)060307528
|0 (DE-576)131148621
|4 edt
|
| 883 |
|
|
|8 1\p
|a cgwrk
|d 20241001
|q DE-101
|u https://d-nb.info/provenance/plan#cgwrk
|
| 935 |
|
|
|i Blocktest
|
| 935 |
|
|
|h HEB
|i 0501
|
| 935 |
|
|
|h HEB
|i 0503
|
| 936 |
r |
v |
|a MS 2700
|b Alterssoziologie (Alte Menschen; Gerontologie, Rentner, Altersheim)
|k Soziologie
|k Spezielle Soziologien
|k Alterssoziologie (Alte Menschen; Gerontologie, Rentner, Altersheim)
|0 (DE-627)1270915681
|0 (DE-625)rvk/123642:
|0 (DE-576)200915681
|
| 936 |
r |
v |
|a CV 8000
|b Spezielle Probleme der Sozialpsychologie (Hochschule, Familie usw.)
|k Psychologie
|k Sozialpsychologie
|k Spezielle Probleme der Sozialpsychologie (Hochschule, Familie usw.)
|0 (DE-627)1270883720
|0 (DE-625)rvk/19169:
|0 (DE-576)200883720
|
| 936 |
s |
n |
|a m200
|2 mzub
|
| 936 |
s |
n |
|a c200
|2 mzub
|
| 951 |
|
|
|a BO
|
| ELC |
|
|
|b 1
|
| LOK |
|
|
|0 000 xxxxxcx a22 zn 4500
|
| LOK |
|
|
|0 001 3307562215
|
| LOK |
|
|
|0 003 DE-627
|
| LOK |
|
|
|0 004 274757435
|
| LOK |
|
|
|0 005 20151030140511
|
| LOK |
|
|
|0 008 881117||||||||||||||||ger|||||||
|
| LOK |
|
|
|0 040
|a DE-21
|c DE-627
|d DE-21
|
| LOK |
|
|
|0 852
|a DE-21
|
| LOK |
|
|
|0 852 1
|c KB 8 E 1558
|9 00
|
| LOK |
|
|
|0 935
|a krim
|
| LOK |
|
|
|0 939
|a 17-11-88
|b l01
|
| ORI |
|
|
|a SA-MARC-krimdoka001.raw
|
| SIG |
|
|
|a UB: KB 8 E 1558
|
| TIM |
|
|
|a 100019780101_100019871231
|b 1978 - 1987
|